• 首页
  • 本馆介绍
  • 公告通知
  • 最新文献
  • 馆藏检索
  • 电子资源
  • 读者导购
  • 参考咨询
  • 我的图书馆
  • 登录
  • 详细信息显示
  • 放入我的书架
  • 预约/预借图书
  • 作者相关作品
  • 分类相关作品
  • 丛书相关作品
  • 出版社相关作品

书目信息

  • 表格格式
  • 工作单格式
  • 卡片格式
题名:
太阳旗下的撒旦
    
 
作者: 孙果达 主编
分册:  
出版信息: 上海   上海远东出版社  1995
页数: 276页
开本: 20cm
丛书名:
单 册:
中图分类: K25
科图分类: 22.2786
主题词: 侵华事件--日本--史料 , 中国--历史--1840~1949
电子资源:
ISBN: 7-80613-100-0
000 00807nnam 2200253 45
001 1573820564
005 20150120203050.14
010    @a7-80613-100-0@dCNY10.50
100    @a19950709d1995 em y0chiy0121 ea
101 0  @achi
102    @aCN@b310000
105    @ay z 000yy
200 10 @a太阳旗下的撒旦@ATAI YANG QI XIA DE SA DAN@e侵华日军暴行纪实@EQIN HUA RI JUN BAO XING JI SHI@f孙果达主编@FSUN GUO DA ZHU BIAN
210    @a上海@c上海远东出版社@d1995
215    @a276页@d20cm
517 1  @a侵华日军暴行纪实@AQIN HUA RI JUN BAO XING JI SHI
540 1  @a日军 暴行@ARI JUN BAO XING
606    @a侵华事件@y日本@x史料
606 0  @a中国@x历史@z1840~1949
690    @aK25@v4
692    @a22.2786
701  0 @a孙果达@ASUN GUO DA@4主编
801  0 @aCN@bTSSF@c20150120
905    @aZUCC@dK25@eJY139
    
    太阳旗下的撒旦:侵华日军暴行纪实/孙果达主编.-上海:上海远东出版社,1995
    276页;20cm
    
    
    ISBN 7-80613-100-0:CNY10.50
    
●
相关链接 在E读中查询图书 在五车中查询图书 在当当中查询图书 在豆瓣中查询图书


正题名:太阳旗下的撒旦     索取号:K25/JY139         预约/预借

序号 登录号 条形码 馆藏地/架位号 状态 备注
1 7836893   278368936   学院路分馆/ [索取号:K25/JY139] 在馆    
2 7836894   278368945   学院路分馆/ [索取号:K25/JY139] 在馆    
唐山师范学院图书馆 欢迎您!
大连网信软件有限公司© 版权所有